Elite dalam perspektif sejarah

Bibliographic Details
Main Author: Kartodirdjo, Sartono , 1921-2007 (Author)
Format: Book
Published: Jakarta : LP3ES , 1981
Subjects:

MARC

LEADER 00000cam a2200000 7i4500
001 0000002809
005 20170412093000.0
008 021118n
090 0 0 |a HT647   |b .E44 
245 0 0 |a Elite dalam perspektif sejarah   |c penyunting ; Sartono Kartodirjo 
260 2 |a Jakarta :   |b LP3ES ,   |c 1981 
300 |a 233 ms. ; ;   |c 23 cm. 
650 0 |a Aristocracy 
650 0 |a Upper classes 
700 0 |a Kartodirdjo, Sartono ,   |d 1921-2007 ,   |e author 
999 |a 1000027424   |b Book   |c OPEN SHELF (30 DAYS)   |e Gong Badak Campus